000 00562nam a2200193Ia 4500
005 20250508150317.0
008 008 250505s9999 xx 000 0 eng d
037 _aTextual
040 _aFEDL
_beng
_cFEDL
041 _aeng
_2eng
084 _a370.9, MAL
_qFEDL
100 _aMalim F B
_9756366
245 0 _aAlmae matres : Recollections of some schools at home and abroad
260 _aCambridge
_bCambridge University Press
_c1948
300 _avii,197p
650 _aEducation
942 _cTEXL
_h370.9, MAL
999 _c1322922
_d1322922